[Event "Challenge"]
[Site "http://www.queenalice.com/game.php?id=699898"]
[Date "2009.12.18"]
[Round "-"]
[White "Tersio"]
[Black "Eve08"]
[Result "0-1"]
[WhiteElo "1381"]
[BlackElo "1074"]

1. d4 d5 2. c4 c6 3. Nf3 e6 4. Nc3 Nf6 5. Bg5 h6 6. Bxf6 gxf6 7. e4 f5 8. exf5
Bg7 9. cxd5 cxd5 10. Ne5 Nc6 11. Bb5 a6 12. Nxc6 bxc6 13. Bxc6+ Bd7 0-1

[Event "AUTO-BEG-408"]
[Site "http://www.queenalice.com/game.php?id=803452"]
[Date "2010.7.14"]
[Round "1"]
[White "mike52"]
[Black "Eve08"]
[Result "1-0"]
[WhiteElo "1423"]
[BlackElo "1123"]

1. Nf3 d5 2. h3 e6 3. a3 c6 4. d4 Nf6 5. Bg5 h6 6. Bxf6 Qxf6 7. c3 Bd6 8. Nbd2
O-O 9. g3 Be7 10. h4 Nd7 11. Qc2 g6 12. O-O-O h5 13. Ne5 Nxe5 14. dxe5 Qxe5 15.
e3 Qf6 16. Be2 Qxf2 17. Bd3 Qxg3 18. Rdg1 Qxe3 19. Bxg6 Bg5 20. Bh7+ Kg7 21.
Rxg5+ Kf6 22. Rg6+ Ke7 23. Rg8 Bd7 24. Rxf8 Rxf8 25. Kb1 Rh8 26. Bd3 b5 27. Nf1
Qe5 28. Nd2 a6 29. Nf3 Qf4 30. Ng5 Qf3 31. Nxf3 Rh6 32. Ne5 Rf6 33. Nxd7 Kxd7
34. Qh2 e5 35. Qh3+ Ke7 36. Rf1 1-0

[Event "AUTO-BEG-408"]
[Site "http://www.queenalice.com/game.php?id=803453"]
[Date "2010.7.14"]
[Round "1"]
[White "Eve08"]
[Black "mike52"]
[Result "0-1"]
[WhiteElo "1136"]
[BlackElo "1417"]

1. d4 d5 2. e3 Nc6 3. c3 a6 4. a3 e6 5. Bd2 Nf6 6. g3 Na5 7. Nf3 Nc4 8. Nh4 Nxb2
9. Qc1 Nc4 10. Bxc4 dxc4 11. O-O Ne4 12. Ra2 Nxd2 13. Nxd2 Be7 14. a4 Bxh4 15.
Nf3 Bf6 16. Rd2 Bd7 17. Rb2 b6 18. Rb4 Be7 19. Rxc4 b5 20. Rb4 Bxb4 21. cxb4
bxa4 22. b5 Bxb5 23. Rd1 O-O 24. Qd2 Bc6 25. Nh4 Qd5 26. f4 h6 27. Ng2 Rab8 0-1

[Event "AUTO-BEG-408"]
[Site "http://www.queenalice.com/game.php?id=803464"]
[Date "2010.7.14"]
[Round "1"]
[White "Eve08"]
[Black "estes1"]
[Result "0-1"]
[WhiteElo "1131"]
[BlackElo "1259"]

1. d4 d5 2. c3 Bf5 3. e3 Nf6 4. Na3 a6 5. Nf3 e6 6. Ne5 Bd6 7. Nf3 O-O 8. Ng5 h6
9. h4 hxg5 10. Qf3 Nh7 11. hxg5 Nxg5 12. Qg3 Bxg3 13. Rh5 Bd6 14. Nc4 dxc4 15.
Rh4 Nf3+ 16. Ke2 Nxh4 17. g3 Bd3+ 18. Ke1 Nf3+ 19. Kd1 Bxf1 20. Bd2 Nxd2 21.
Kxd2 Bg2 22. Rg1 Bc6 23. b3 cxb3 24. Rb1 e5 25. Rxb3 exd4 0-1

[Event "AUTO-BEG-408"]
[Site "http://www.queenalice.com/game.php?id=803465"]
[Date "2010.7.14"]
[Round "1"]
[White "estes1"]
[Black "Eve08"]
[Result "1-0"]
[WhiteElo "1346"]
[BlackElo "1115"]

1. e4 e5 2. Nf3 f6 3. d4 d6 4. dxe5 dxe5 5. h3 Bd6 6. Bc4 Ne7 7. O-O Nbc6 8. Nc3
Na5 9. Be2 b6 10. Nd5 c6 11. Nb4 c5 12. Nd5 O-O 13. Be3 Bb7 14. a3 Ng6 15. Bc4
Nxc4 16. b3 Nb2 17. Qc1 Ba6 18. Qxb2 Bxf1 19. Rxf1 Rc8 20. Bd2 h5 21. c3 Nf4 22.
Nh4 Ne2+ 23. Kh1 g5 24. Nf5 g4 25. Bh6 Kh7 26. Qxe2 Rg8 27. hxg4 Rg6 28. g5 Rxh6
29. Nxh6 fxg5 30. Qxh5 Qe8 31. Nf6+ Kg7 32. Nxe8+ Rxe8 33. Qxg5+ 1-0

[Event "AUTO-BEG-420"]
[Site "http://www.queenalice.com/game.php?id=829495"]
[Date "2010.9.7"]
[Round "1"]
[White "Eve08"]
[Black "Nunes"]
[Result "0-1"]
[WhiteElo "1117"]
[BlackElo "1818"]

1. d4 d5 2. e3 Nf6 3. c3 Bf5 4. Nd2 c5 5. h4 cxd4 6. Ngf3 dxe3 7. fxe3 Nc6 8.
Bb5 Qb6 9. Qb3 Qxe3+ 10. Be2 Ng4 11. Ng5 Qf2+ 0-1

[Event "AUTO-BEG-420"]
[Site "http://www.queenalice.com/game.php?id=829496"]
[Date "2010.9.7"]
[Round "1"]
[White "Nunes"]
[Black "Eve08"]
[Result "1-0"]
[WhiteElo "1816"]
[BlackElo "1119"]

1. e4 e5 2. Nf3 d6 3. d4 f6 4. Bc4 Nc6 5. dxe5 Nge7 6. exf6 gxf6 7. Be3 Na5 8.
Bb5+ c6 9. Be2 Be6 10. Nc3 c5 11. Qd2 Ng6 12. O-O-O 1-0

[Event "AUTO-BEG-420"]
[Site "http://www.queenalice.com/game.php?id=829497"]
[Date "2010.9.7"]
[Round "1"]
[White "Eve08"]
[Black "torrenegra64"]
[Result "1-0"]
[WhiteElo "1115"]
[BlackElo "1619"]

1. c4 Nf6 2. Nc3 g6 3. d3 Bg7 4. e4 d6 5. f3 e5 6. b3 O-O 7. Be3 Nc6 8. Qd2 Nd4
9. h4 h5 10. g4 hxg4 11. Bg2 gxf3 12. Bxf3 Nxf3+ 13. Nxf3 Bg4 14. O-O-O Bxf3 15.
Rhf1 Bxd1 16. Kxd1 c6 17. c5 d5 18. exd5 cxd5 19. Nxd5 1-0